[Event "Caqueta Florencia op"]
[Site "Caqueta"]
[Date "2016.12.03"]
[Round "5"]
[White "Soto Rojas, Duver"]
[Black "Agudelo, Juan Sebastian"]
[Result "0-1"]
[WhiteElo "1600"]
[BlackElo "1503"]
[PlyCount "91"]
[EventDate "2016.12.01"]
[EventType "swiss"]
[EventRounds "6"]
[EventCountry "COL"]
[SourceTitle "CBM 176 Extra"]
[Source "ChessBase"]
[SourceDate "2017.03.02"]
[SourceVersion "1"]
[SourceVersionDate "2017.03.02"]
[SourceQuality "1"]

1. d4 d5 2. Bf4 e6 3. Nf3 Nf6 4. e3 Be7 5. Bd3 b6 6. h3 Bb7 7. Ne5 Nbd7 8. Nd2 0-0 9. Qf3 c5 10. Qg3 Nh5 11. Qg4 Ndf6 12. Qf3 Nxf4 13. Qxf4 Rc8 14. c3 Re8 15. g4 Rf8 16. Qg3 Nd7 17. Ndf3 Bf6 18. Nxd7 Qxd7 19. g5 Be7 20. Ne5 Qc7 21. f4 Bd6 22. Qh4 g6 23. Ng4 Be7 24. Qh6 f5 25. gxf6 Bxf6 26. h4 cxd4 27. exd4 Bg7 28. Qg5 Qxf4 29. Qxf4 Rxf4 30. Ne5 Bxe5 31. dxe5 d4 32. Rf1 Rxf1+ 33. Kxf1 dxc3 34. bxc3 Rxc3 35. Bb5 Re3 36. Re1 Rxe1+ 37. Kxe1 Kg7 38. Kf2 g5 39. Bd7 Bd5 40. hxg5 Kg6 41. Kg3 Kxg5 42. Kf2 h5 43. Ke3 h4 44. Kd4 h3 45. Bb5 h2 46. Bf1 0-1